|
|
|
|
| LEADER |
00000cam a2200000 7i4500 |
| 001 |
0000085552 |
| 005 |
20200910.0 |
| 008 |
200910 |
| 020 |
|
|
|a 9789673771264
|
| 020 |
|
|
|a 9789673771301 (Set)
|
| 041 |
0 |
|
|a Malay
|
| 090 |
0 |
0 |
|a 305.89923
|b KHA
|
| 100 |
0 |
|
|a Khairul Amri
|
| 245 |
1 |
0 |
|a Kenali pelbagai tarian tradisional
|c Khairul Amri
|
| 260 |
|
|
|a Johor :
|b Pustaka Ewan ,
|c 2020
|
| 300 |
|
|
|a 40 p. :
|b col.; ill. ;
|c 26 cm.
|
| 490 |
0 |
|
|a Maklumat khazanah tradisional
|
| 541 |
0 |
0 |
|c Purchased on 2020
|f 335/20 TGR
|h RM29.50
|
| 650 |
|
0 |
|a Folk dancing
|z Malaysia
|
| 650 |
|
0 |
|a Malays
|x Social life and customs
|
| 999 |
|
|
|a 0001624594
|b Book
|c Adult Collection
|e Perbadanan Perpustakaan Awam Johor
|
| 999 |
|
|
|a 0001624595
|b Book
|c Adult Collection
|e Perbadanan Perpustakaan Awam Johor
|
| 999 |
|
|
|a 0001624596
|b Book
|c Adult Collection
|e Cawangan Urban Transformation Centre
|
| 999 |
|
|
|a 0001624597
|b Book
|c Adult Collection
|e Cawangan AEON Kulaijaya
|
| 999 |
|
|
|a 0001627977
|b Book
|c Adult Collection
|e Cawangan Taman Sri Lambak
|
| 999 |
|
|
|a 0001627978
|b Book
|c Adult Collection
|e Cawangan Pontian
|
| 999 |
|
|
|a 0001627979
|b Book
|c Adult Collection
|e Cawangan Sri Merlong
|
| 999 |
|
|
|a 0001627980
|b Book
|c Adult Collection
|e Cawangan Mersing
|
| 999 |
|
|
|a 0001627981
|b Book
|c Adult Collection
|e Cawangan Tangkak
|
| 999 |
|
|
|a 0001627982
|b Book
|c Adult Collection
|e Cawangan Kota Tinggi
|
| 999 |
|
|
|a 0001627983
|b Book
|c Adult Collection
|e Cawangan Bandar Penawar
|
| 999 |
|
|
|a 0001627984
|b Book
|c Adult Collection
|e Cawangan Muar
|
| 999 |
|
|
|a 0001627985
|b Book
|c Adult Collection
|e Cawangan Tmn. Ungku Tun Aminah
|
| 999 |
|
|
|a 0001627986
|b Book
|c Adult Collection
|e Cawangan Batu Pahat
|
| 999 |
|
|
|a 0001627987
|b Book
|c Adult Collection
|e Cawangan Bandar Tenggara
|
| 999 |
|
|
|a 0001627988
|b Book
|c Adult Collection
|e Cawangan Segamat
|
| 999 |
|
|
|a 0001627989
|b Book
|c Adult Collection
|e Cawangan Bukit Gambir
|